Statystyki dla Quiz o Gwinei

Kliknij tutaj aby rozwiązać quiz!

Ogólne statystyki

  • Ten quiz został rozwiązany 480 razy
  • Średni wynik to 12 z 16

Statystyki odpowiedzi

WskazówkaOdpowiedź% Poprawnych
Religia dominującaIslam
94%
Oficjalny językfrancuski
93%
Państwa granicząceGwinea Bissau
93%
Państwa granicząceSenegal
93%
Państwa granicząceLiberia
90%
Państwa granicząceMali
90%
Państwa granicząceSierra Leone
90%
Państwa granicząceWybrzeże Kości Słoniowej
86%
Główna rzeka, która ma swój początek na wyżynach Gwinei
i wpada do morza w Nigerii
Niger
82%
Poważna epidemia tej choroby dotknęła Gwineę w 2014 r.Ebola
77%
Stolica GwineiKonakry
73%
Narodowe zwierzęSłoń afrykański
56%
63% kobiet w Gwinei jest _____ przed 18 rokiem życia,
co jest jednym z najwyższych na świecie
Zamężnych
56%
W Wielkiej Brytanii "gwinea” była złotą monetą
o wartości dwudziestu jeden _______
Szylingów
50%
Gwinea jest drugim co do wielkości producentem
boksytu na świecie, używanego do produkcji tego metalu
Aluminium
42%
Największa grupa etniczna
(wkazówka: zaczyna się na F)
Fulbe
32%

Rozkład punktacji

Percentyl według liczby udzielonych odpowiedzi

Procent ludzi z każdym wynikiem

Twoja historia wyników

Nie rozwiązałeś tego quizu